Fremde, Feinde, Freunde

Titel: Fremde, Feinde, Freunde : Ukrainische Ikonographie zwischen Ost und West im Zeitalter der türkischen Gefahr
Verfasser:
In: ˜Dasœ Bild des Feindes, (2013), Seite 129-149, 11 Abb.
alle Artikel anzeigen
Veröffentlicht: 2013
Format: Aufsatz
Sprache: Deutsch
Kein Bild verfügbar
X
alg: 39279389
001A    $01999:11-11-16 
001B    $01999:22-05-21 $t21:48:44.000 
001D    $01999:11-11-16 
001U    $0utf8 
001X    $00 
002@    $0Aox 
003@    $039279389X 
007A    $039279389X $aHEB 
007T    $0Herdc0102215m 
010@    $ager 
011@    $a2013 
021A    $aFremde, Feinde, Freunde $dUkrainische Ikonographie zwischen Ost und West im Zeitalter der türkischen Gefahr 
028A    $aBerezhnaya $dLiliya 
031A    $h129-149, 11 Abb. $j2013 
039B    $aIn $8--Aau--. Das @Bild des Feindes. - Berlin : Mann, 2013. - 512 S.. - zahlr. Ill.. - ISBN 978-3-7861-2684-3 $x201300000000000871 $9320781607 
045F    $a709.437 $eDDC23BSB 
045F/01 $a709 
045F/03 $g437 

lok: 39279389 78

exp: 39279389 78 1 #EPN
201B/01 $019-04-17 $t11:34:45.000 
201U/01 $0utf8 
203@/01 $0788904078 
208@/01 $a11-11-16 $be 
209A/01 $a/ $f000 $x00 
220C/01 $aTitelaufnehmer: pg 
220C/01 $aHerkunft: HI Marburg 
244Z/01 $2Trx $#Kesk- ja Ida- Euroopa kontseptsioonid $#Vidurio Europos koncepcijos $#East-Central Europe $#Keletközépeurópa-eszmék $#Europa Środkowo-Wschodnia koncepcje $#Európa stredovýchodná koncepcie $#Evropa střední, východní část koncepce $#Mitteleuropa $#Osteuropakonzeptionen $#Europa Środkowa koncepcje $#Stredná Európa koncepcie $#Střední Europa koncepce $8--Trx--Ostmitteleuropakonzeptionen $x01 $9391364286 
244Z/01 $aGeschichte 1500-1720 $x02 
244Z/01 $2Trx $#sõda, osmani 1389- 1718 $#Osmanijos karai 1389-1718 $#Osmanic wars 1389-1718 $#háborúk, oszmán 1389-1718 $#wojny osmańskie 1389-1718 $#vojny osmanské 1389-1718 $#války s Turky 1389-1718 $#Türkenkriege $#vojny turecké $8--Trx--Kriege, Osmanische$g1389-1718 $x03 $9391372599 
244Z/01 $2Trx $#ikonograafia $#ikonografija $#Iconography $#ikonográfia $#ikonografia $#ikonografia $#ikonografie $#Bildkunde, historische $8--Trx--Ikonographie $x04 $9391355457 
244Z/01 $2Trx $8--Trx--Einzelbeiträge $x05 $9391384570 
245Z/01 $a11.10 $x01 
247C/01 $82080>Marburg/Lahn, Herder-Institut, Forschungsbibliothek, Bibliographieportal $9336309341
LEADER 00000caa a22000002c 4500
001 39279389X
003 DE-603
005 20210522214844.0
007 tu
008 161111s2013 xx |||| | u00||u|ger c
035 |a (DE-599)HEB39279389X 
040 |a DE-603  |b ger  |c DE-603  |d DE-603 
041 |a ger 
082 0 4 |8 1\u  |a 709.437  |q DE-101  |2 23/BSB 
085 |8 1\u  |b 709 
085 |8 1\u  |z 2  |s 437 
100 1 |a Berezhnaya, Liliya 
245 0 0 |a Fremde, Feinde, Freunde  |b Ukrainische Ikonographie zwischen Ost und West im Zeitalter der türkischen Gefahr 
264 0 |c 2013 
773 0 8 |i In  |t ˜Dasœ Bild des Feindes  |d Berlin : Mann, 2013  |h 512 S., zahlr. Ill.  |z 9783786126843  |z 3786126844  |g (2013), Seite 129-149, 11 Abb.  |w (DE-603)320781607 
924 0 |9 2080  |a (DE-603)788904078  |b DE-2080  |c HES  |d d  |g /